000 00420nam a2200169 4500
999 _c196224
_d196224
005 20230607114847.0
010 _aB-689611
020 _c320.00
035 _aB-689611
082 _a510
100 _aYadav,Ramesh
245 _aSSC mathematics /
_cby Ramesh Yadav
260 _bPansy Books
_aDelhi
270 _aSomesh Vihar
_bDelhi
_e110071
300 _avp.
_c23cm
942 _2ddc
_cEN
_h510
_mYAD